00659nam a2200241 a 4500001001300000003000900013005001700022008004100039020001000080082001300090100001400103245002000117260004800137300000800185500003500193505002800228650002400256700001400280902000800294942000700302952009300309999001500402nice12345678IN_TiNIC20260116011425.0050524s1904 laha grs 000 0 49g  ac10000a224bISM aIsmail, M aRibqab Rebeeca aLahorebPunjab Religious Booksociety c1904 a40p aincludes index and biblioraphy2 aHand Written Manuscript aBible O.T. Prophets1 aIsmail, M bSRS cPS 00104070aHMIbHMId2007-06-19g100.00l0o224 ISMp4958r2007-06-19w2026-01-16yARB c1397d1397